<?xml version="1.0" encoding="UTF-8"?>
<record
    xmlns:xsi="http://www.w3.org/2001/XMLSchema-instance"
    xsi:schemaLocation="http://www.loc.gov/MARC21/slim http://www.loc.gov/standards/marcxml/schema/MARC21slim.xsd"
    xmlns="http://www.loc.gov/MARC21/slim">

  <leader>03751nam a2200577Ia 4500</leader>
  <controlfield tag="001">2570</controlfield>
  <controlfield tag="008">241029s9999    xx            000 0 und d</controlfield>
  <datafield tag="010" ind1=" " ind2=" ">
    <subfield code="a">2415</subfield>
  </datafield>
  <datafield tag="041" ind1=" " ind2=" ">
    <subfield code="a">Espa&#xF1;ol</subfield>
  </datafield>
  <datafield tag="082" ind1=" " ind2=" ">
    <subfield code="a">TS-00572 </subfield>
  </datafield>
  <datafield tag="245" ind1=" " ind2="0">
    <subfield code="a">Gesti&#xF3;n institucional y procesos pedag&#xF3;gicos de aula, diagn&#xF3;stico sobre sus ejes articuladores de los Centros Educativos del Nivel B&#xE1;sico Juan Pablo Duarte y Ana Patria Mart&#xED;nez, del Distrito Educativo 02-01, Comendador, El&#xED;as Pi&#xF1;a, a&#xF1;o 2007-2008</subfield>
  </datafield>
  <datafield tag="260" ind1=" " ind2=" ">
    <subfield code="a">San Juan</subfield>
  </datafield>
  <datafield tag="300" ind1=" " ind2=" ">
    <subfield code="a">121</subfield>
  </datafield>
  <datafield tag="520" ind1=" " ind2=" ">
    <subfield code="a">17</subfield>
  </datafield>
  <datafield tag="630" ind1=" " ind2=" ">
    <subfield code="a">Centros Educativos</subfield>
  </datafield>
  <datafield tag="630" ind1=" " ind2=" ">
    <subfield code="a">Comunidad Educativa</subfield>
  </datafield>
  <datafield tag="630" ind1=" " ind2=" ">
    <subfield code="a">Diagn&#xF3;stico</subfield>
  </datafield>
  <datafield tag="630" ind1=" " ind2=" ">
    <subfield code="a">Pr&#xE1;ctica Docente</subfield>
  </datafield>
  <datafield tag="650" ind1=" " ind2=" ">
    <subfield code="a">Gesti&#xF3;n Educativa</subfield>
  </datafield>
  <datafield tag="690" ind1=" " ind2=" ">
    <subfield code="a">Copiado sin cambios</subfield>
  </datafield>
  <datafield tag="700" ind1=" " ind2=" ">
    <subfield code="e">asesor</subfield>
    <subfield code="a">Zabala Moreta , Rub&#xE9;n Guillermo </subfield>
  </datafield>
  <datafield tag="700" ind1=" " ind2=" ">
    <subfield code="e">autor</subfield>
    <subfield code="a">Alc&#xE1;ntara, Asia Milagros </subfield>
  </datafield>
  <datafield tag="700" ind1=" " ind2=" ">
    <subfield code="e">autor</subfield>
    <subfield code="a">Puello Moreta, Mar&#xED;a Nidia </subfield>
  </datafield>
  <datafield tag="700" ind1=" " ind2=" ">
    <subfield code="e">asesor</subfield>
    <subfield code="a">Paulino, Laura </subfield>
  </datafield>
  <datafield tag="901" ind1=" " ind2=" ">
    <subfield code="a">{"1":"Alc&#xE1;ntara","2":"Puello Moreta"}</subfield>
    <subfield code="b">{"1":"Asia Milagros ","2":"Mar&#xED;a Nidia "}</subfield>
  </datafield>
  <datafield tag="902" ind1=" " ind2=" ">
    <subfield code="a">2</subfield>
  </datafield>
  <datafield tag="903" ind1=" " ind2=" ">
    <subfield code="a">{"1":"Paulino","2":"Zabala Moreta "}</subfield>
    <subfield code="b">{"1":"Laura ","2":"Rub&#xE9;n Guillermo "}</subfield>
  </datafield>
  <datafield tag="904" ind1=" " ind2=" ">
    <subfield code="a">Maestr&#xED;a en</subfield>
  </datafield>
  <datafield tag="905" ind1=" " ind2=" ">
    <subfield code="a">Gesti&#xF3;n de Centros Educativos</subfield>
  </datafield>
  <datafield tag="906" ind1=" " ind2=" ">
    <subfield code="a">2</subfield>
  </datafield>
  <datafield tag="907" ind1=" " ind2=" ">
    <subfield code="a">NO APLICA</subfield>
  </datafield>
  <datafield tag="908" ind1=" " ind2=" ">
    <subfield code="a">NO APLICA</subfield>
  </datafield>
  <datafield tag="909" ind1=" " ind2=" ">
    <subfield code="a">ISFODOSU, Recinto Urania Mont&#xE1;s</subfield>
  </datafield>
  <datafield tag="910" ind1=" " ind2=" ">
    <subfield code="a">NULL</subfield>
    <subfield code="b">NULL</subfield>
  </datafield>
  <datafield tag="911" ind1=" " ind2=" ">
    <subfield code="a">["1"]</subfield>
  </datafield>
  <datafield tag="912" ind1=" " ind2=" ">
    <subfield code="a">NO APLICA</subfield>
  </datafield>
  <datafield tag="913" ind1=" " ind2=" ">
    <subfield code="a">NULL</subfield>
  </datafield>
  <datafield tag="914" ind1=" " ind2=" ">
    <subfield code="a">01 de Agosto de 2008</subfield>
  </datafield>
  <datafield tag="915" ind1=" " ind2=" ">
    <subfield code="a">18/07/15 05:07</subfield>
  </datafield>
  <datafield tag="916" ind1=" " ind2=" ">
    <subfield code="a">NULL</subfield>
  </datafield>
  <datafield tag="917" ind1=" " ind2=" ">
    <subfield code="a">NULL</subfield>
  </datafield>
  <datafield tag="918" ind1=" " ind2=" ">
    <subfield code="a">NO APLICA</subfield>
  </datafield>
  <datafield tag="919" ind1=" " ind2=" ">
    <subfield code="a">["33","45","217","162"]</subfield>
  </datafield>
  <datafield tag="520" ind1=" " ind2=" ">
    <subfield code="a">El presente estudio tuvo como objetivo, identificar los niveles y la calidad de la articulaci&#xF3;n entre la gesti&#xF3;n institucional y los procesos de aula en los centros educativos del Nivel B&#xE1;sico Juan Pablo Duarte y Ana Patria Mart&#xED;nez. La base te&#xF3;rica que sustenta el estudio, versa sobre la gesti&#xF3;n institucional y pedag&#xF3;gica, en la que se destaca con mucho &#xE9;nfasis el papel que desempe&#xF1;a una y otra en el centro educativo.Otros prop&#xF3;sitos del estudio fueron, analizar los niveles de calidad en relaci&#xF3;n a la reflexi&#xF3;n y sistematizaci&#xF3;n de la pr&#xE1;ctica docente. Verificar c&#xF3;mo se dan los procesos de articulaci&#xF3;n entre la gesti&#xF3;n institucional y los procesos pedag&#xF3;gicos en la planificaci&#xF3;n y la participaci&#xF3;n comunitaria. Adem&#xE1;s, se&#xF1;alar los niveles de articulaci&#xF3;n respecto a las relaciones sociales en esos centros educativos.Las principales conclusiones extra&#xED;das del estudio de campo, fueron:Se da relativamente una ponderada articulaci&#xF3;n entre la gesti&#xF3;n institucional y los procesos pedag&#xF3;gicos en estos centros, seg&#xFA;n la percepci&#xF3;n de sus actores.La planificaci&#xF3;n institucional y pedag&#xF3;gica, se realiza en m&#xE1;s de un 90% de forma articulada en dichos centros.No todos los actores del sistema educativo se involucran en las actividades que se desarrollan en los centros. Los niveles de satisfacci&#xF3;n de los diferentes actores sobre la gesti&#xF3;n, se mantienen muy altos. Por las conclusiones resultantes de este estudio, se dan las siguientes recomendaciones:Continuar la capacitaci&#xF3;n de los gestores de los centros educativos sobre c&#xF3;mo articular de manera eficiente la gesti&#xF3;n institucional con los procesos de aula. Se debe limitar las responsabilidades de los directivos en asuntos meramente administrativos, muchos de las cuales se pueden delegar, a  fin de que &#xE9;stos concentren su mayor atenci&#xF3;n en los procesos que se dan en las aulas. Tambi&#xE9;n, se debe optimizar al m&#xE1;ximo las relaciones entre los centros educativos y los organismos de participaci&#xF3;n.</subfield>
  </datafield>
  <datafield tag="921" ind1=" " ind2=" ">
    <subfield code="a">24</subfield>
  </datafield>
  <datafield tag="922" ind1=" " ind2=" ">
    <subfield code="a">24</subfield>
  </datafield>
  <datafield tag="923" ind1=" " ind2=" ">
    <subfield code="a">0</subfield>
  </datafield>
  <datafield tag="924" ind1=" " ind2=" ">
    <subfield code="a">NO APLICA</subfield>
  </datafield>
  <datafield tag="942" ind1=" " ind2=" ">
    <subfield code="c">Tesis</subfield>
  </datafield>
  <datafield tag="999" ind1=" " ind2=" ">
    <subfield code="c">2415</subfield>
    <subfield code="d">2415</subfield>
  </datafield>
</record>
